Moral vision and professional decisions (Record no. 494132)

MARC details
000 -LEADER
fixed length control field 00834nam a2200265Ia 4500
003 - CONTROL NUMBER IDENTIFIER
control field OSt
005 - DATE AND TIME OF LATEST TRANSACTION
control field 20220925175641.0
008 - FIXED-LENGTH DATA ELEMENTS--GENERAL INFORMATION
fixed length control field 220923b |||||||| |||| 00| 0 eng d
020 ## - INTERNATIONAL STANDARD BOOK NUMBER
International Standard Book Number 0521371619
037 ## - SOURCE OF ACQUISITION
Terms of availability General Book
040 ## - CATALOGING SOURCE
Original cataloging agency RTL
Transcribing agency RTL
Language of cataloging eng
041 ## - LANGUAGE CODE
Source of code eng
Language code of text/sound track or separate title eng
100 ## - MAIN ENTRY--PERSONAL NAME
Personal name Jack Rand
9 (RLIN) 249378
245 #0 - TITLE STATEMENT
Title Moral vision and professional decisions
Remainder of title The changing values of women and men lawyers
260 ## - PUBLICATION, DISTRIBUTION, ETC.
Place of publication, distribution, etc. Cambridge
Name of publisher, distributor, etc. Cambridge University Press
Date of publication, distribution, etc. 1989
300 ## - PHYSICAL DESCRIPTION
Extent xv,218p
Dimensions cm.
500 ## - GENERAL NOTE
General note Bibliography: p 207-214
650 ## - SUBJECT ADDED ENTRY--TOPICAL TERM
Topical term or geographic name entry element Occupational Sociology
9 (RLIN) 230967
700 ## - ADDED ENTRY--PERSONAL NAME
Personal name Jack Dana Crowley
9 (RLIN) 249379
942 ## - ADDED ENTRY ELEMENTS (KOHA)
Classification part Y49(Z).73.N8, M9
Koha item type General Books
Source of classification or shelving scheme Colon Classification (CC)
Holdings
Withdrawn status Lost status Damaged status Not for loan Home library Current library Date acquired Total Checkouts Full call number Barcode Date last seen Price effective from Koha item type
        Ratan Tata Library Ratan Tata Library 2022-09-25   Y49(Z).73.N8 M9 RT1048478 2022-09-25 2022-09-25 General Books
Copyright @ Delhi University Library System